<?xml version="1.0" encoding="UTF-8"?>
<collection xmlns="http://www.loc.gov/MARC21/slim">
 <record>
  <leader>01800nam a2200241Ia 4500</leader>
  <controlfield tag="001">CTU_157430</controlfield>
  <controlfield tag="008">210402s9999    xx            000 0 und d</controlfield>
  <datafield tag="020" ind1=" " ind2=" ">
   <subfield code="c">35</subfield>
  </datafield>
  <datafield tag="082" ind1=" " ind2=" ">
   <subfield code="a">303.6083</subfield>
  </datafield>
  <datafield tag="082" ind1=" " ind2=" ">
   <subfield code="b">P967</subfield>
  </datafield>
  <datafield tag="100" ind1=" " ind2=" ">
   <subfield code="a">Prothrow-Stith, Deborah</subfield>
  </datafield>
  <datafield tag="245" ind1=" " ind2="0">
   <subfield code="a">Murder is no accident :</subfield>
  </datafield>
  <datafield tag="245" ind1=" " ind2="0">
   <subfield code="b">Understanding and preventing youth violence in America</subfield>
  </datafield>
  <datafield tag="245" ind1=" " ind2="0">
   <subfield code="c">Deborah Prothrow-Stith, Howard R. Spivak</subfield>
  </datafield>
  <datafield tag="260" ind1=" " ind2=" ">
   <subfield code="a">San Francisco</subfield>
  </datafield>
  <datafield tag="260" ind1=" " ind2=" ">
   <subfield code="b">Jossey-Bass</subfield>
  </datafield>
  <datafield tag="260" ind1=" " ind2=" ">
   <subfield code="c">2004</subfield>
  </datafield>
  <datafield tag="520" ind1=" " ind2=" ">
   <subfield code="a">Prothrow-Stith, a black female physician, and Spivak, a Jewish doctor, offer the strong message that violence is a preventable public-health problem. In part 1, they offer horrific statistics on violence among our youth and the recollections of people who have lost friends and relatives through gang violence, and analyze the &quot;three waves&quot; of the violence epidemic: first, among the inner-city poor; second, in rural and suburban areas; and third, involving girls dubbed &quot;Rambettes.&quot; Part 2 explores some of the causes--including the violence portrayed on television and in video games--and the risk factors for particular juveniles. Part 3 focuses on the authors' creation of the first violence prevention program in the U.S. in 1983. Part 4 offers valuable lessons learned and advice on how to start similar programs to reduce the leading cause of death and disability among American children. This is a compelling look at youth violence and a valuable resource for parents, educators, and public-health practitioners.</subfield>
  </datafield>
  <datafield tag="650" ind1=" " ind2=" ">
   <subfield code="a">Violence in adolescence,Violence in children,Violence in adolescence,Youth and violence</subfield>
  </datafield>
  <datafield tag="650" ind1=" " ind2=" ">
   <subfield code="x">Prevention</subfield>
  </datafield>
  <datafield tag="650" ind1=" " ind2=" ">
   <subfield code="z">United States,United States,United States,United States</subfield>
  </datafield>
  <datafield tag="904" ind1=" " ind2=" ">
   <subfield code="i">Giang</subfield>
  </datafield>
  <datafield tag="980" ind1=" " ind2=" ">
   <subfield code="a">Trung tâm Học liệu Trường Đại học Cần Thơ</subfield>
  </datafield>
 </record>
</collection>
